Normal view
MARC view
- FARMING - ZAMBIA
Entry Topical Term
001 - CONTROL NUMBER
- control field: 2077
003 - CONTROL NUMBER IDENTIFIER
- control field: CBULib
005 - DATE AND TIME OF LATEST TRANSACTION
- control field: 20240125125615.0
008 - FIXED-LENGTH DATA ELEMENTS
- fixed length control field: 240125|| aca||babn | a|a d
040 ## - CATALOGING SOURCE
- Original cataloging agency: CBULib
150 ## - HEADING--TOPICAL TERM
- Topical term or geographic name entry element: FARMING - ZAMBIA